000 01126nam a2200205Ia 4500
003 Ost
005 20260507075011.0
008 260507s9999||||xx |||||||||||||| ||und||
040 _cfsecg
041 _aara
082 _a658
100 _aعجلان، حسين حسن
_eمؤلف
245 0 _aاستراتيجيات الإدارة المعرفية في منظمات الأعمال /
_c حسين حسن عجلان
260 _aعمان:
_bدار اثراء للنشر,
_c2007
300 _a210 صفحة؛
_bإيضاحات ؛
_c24 سم
504 _aبيبليوغرافيا: ص. 207
520 _aيضم الاطار المفاهيمي و النظري للادارة المعرفية،العلاقة بين المعرفة و اداء المنظمة،تحليل استراتيجيات الادارة المعرفية، راس المال المعرفي و الموجودات المعرفية، تحليل انتاجية العمل المعرفي والتحديات التي تواجه منظمات الاعمال في ظل نمو السوق المعرفية.
653 _aإدارة الأعمال
942 _cكتاب
999 _c42156
_d42156